Focus (Record no. 78724)

MARC details
000 -LEADER
fixed length control field 01291cab a22002535a 4500
001 - CONTROL NUMBER
control field L137848
008 - FIXED-LENGTH DATA ELEMENTS--GENERAL INFORMATION
fixed length control field 070502e20070428xxkado 000 0 eng d
035 ## - SYSTEM CONTROL NUMBER
System control number (Sirsi) u137848
041 0# - LANGUAGE CODE
Language code of text/sound track or separate title eng
100 1# - MAIN ENTRY--PERSONAL NAME
Personal name Cunningham, Daniel
245 00 - TITLE STATEMENT
Title Focus
Remainder of title Bristol, Bath and Swindon
260 ## - PUBLICATION, DISTRIBUTION, ETC.
Date of publication, distribution, etc. 2007
490 #0 - SERIES STATEMENT
Series statement Estates Gazette
Volume/sequential designation (668) 28 April 2007, 116-159(17)
520 ## - SUMMARY, ETC.
Summary, etc. Details the Cabot Circus project, a £500m extension to Bristol's Broadmead shopping centre. Planned office developments in Bristol are aimed at filling the supply gap, but a declicate balance needs to be struck. The industrial property market can expect some new developments. Bath's SouthGate shopping and leisure scheme has is going ahead after a long wait for planning permission. Office plans in Swindon are raising concerns about oversupply. Two business parks are planned for Weston-Super-Mare, and could find themselves in competition. Profiles Grant Watson, a chartered surveyor and chartered auctioneer.
590 ## - LOCAL NOTE (RLIN)
Local note KA
651 #4 - SUBJECT ADDED ENTRY--GEOGRAPHIC NAME
Geographic name South West (England)
Chronological subdivision 1994-
690 ## - LOCAL SUBJECT ADDED ENTRY--TOPICAL TERM (OCLC, RLIN)
Topical term or geographic name as entry element PROPERTY-COMMERCIAL PROPERTY-COMMERCIAL PROPERTY MARKET
700 1# - ADDED ENTRY--PERSONAL NAME
Personal name August, Alysia
700 1# - ADDED ENTRY--PERSONAL NAME
Personal name Meadwell, Stacey
700 1# - ADDED ENTRY--PERSONAL NAME
Personal name Jack, Simon
700 1# - ADDED ENTRY--PERSONAL NAME
Personal name Cavanagh, Elaine
700 1# - ADDED ENTRY--PERSONAL NAME
Personal name Elghamry, Nadia
942 ## - ADDED ENTRY ELEMENTS (KOHA)
Suppress in OPAC 0
Holdings
Withdrawn status Lost status Source of classification or shelving scheme Damaged status Not for loan Home library Current library Shelving location Date acquired Total Checkouts Full call number Barcode Date last seen Copy number Price effective from Koha item type
    Dewey Decimal Classification     London London Journal article 02/05/2007   L137848 137848-1001 06/08/2019 1 06/08/2019 Journal article